Подробности
| 000 -МАРКЕР |
| контрольное поле |
03381nam0a2200373 4500 |
| 001 - ИДЕНТИФИКАТОР ЗАПИСИ |
| контрольное поле |
RU\NLR\bibl\1258344 |
| 005 - ИДЕНТИФИКАТОР ВЕРСИИ |
| контрольное поле |
20260407185407.0 |
| 010 ## - МЕЖДУНАРОДНЫЙ СТАНДАРТНЫЙ НОМЕР КНИГИ (ISBN) |
| Номер (ISBN) |
978-5-7563-0356--8 |
| Тираж |
200 |
| 021 ## - НОМЕР ГОСУДАРСТВЕННОЙ РЕГИСТРАЦИИ |
| Код страны |
Российская Федерация |
| Номер |
2008-45014 |
| Номер Листа государственной регистраци |
2489 |
| 035 ## - ДРУГИЕ СИСТЕМНЫЕ НОМЕРА |
| Идентификатор записи |
(NLR Aleph) 001244360 |
| 100 ## - ДАННЫЕ ОБЩЕЙ ОБРАБОТКИ |
| Данные общей обработки |
20080804d2008 |||y0rusy50 ca |
| 101 0# - ЯЗЫК РЕСУРСА |
| Язык текста, звукозаписи и т.д. |
русский |
| 102 ## - СТРАНА ПУБЛИКАЦИИ ИЛИ ПРОИЗВОДСТВА |
| Страна публикации |
Российская Федерация |
| 105 ## - ПОЛЕ КОДИРОВАННЫХ ДАННЫХ: ТЕКСТОВЫЕ МАТЕРИАЛЫ, МОНОГРАФИЧЕСКИЕ |
| Кодированные данные о монографическом текстовом документе |
a ||||||||| |
| 200 1# - ЗАГЛАВИЕ И СВЕДЕНИЯ ОБ ОТВЕТСТВЕННОСТИ |
| Основное заглавие |
Опыт инновационной деятельности педагогического коллектива Изборского лицея и его социальных партнеров |
| Сведения, относящиеся к заглавию |
материалы Всероссийской научно-практической конференции "Развитие инновационного потенциала сельской школы: возможности и перспективы. Комплексные сельские образовательные системы как перспективные моделли для возрождения и развития сельского социума в России", (26-27 июня, 2008 г., Псков - Изборск, Пчорского района Псковской области) |
| -- |
сборник статей |
| 210 ## - ПУБЛИКАЦИЯ, РАСПРОСТРАНЕНИЕ И ДР. |
| Место издания, распространения и т.д. |
Москва |
| -- |
Псков |
| Имя издателя, распространителя и т. д. |
Исследовательский центр проблем качества подготовки специалистов |
| Дата издания, распространения и т.д. |
2008 |
| 215 ## - ФИЗИЧЕСКАЯ ХАРАКТЕРИСТИКА |
| Специфическое обозначение материала и объем |
107 с. |
| Другие сведения о физической характеристике |
ил. |
| Размеры |
20 |
| 300 ## - ОБЩИЕ ПРИМЕЧАНИЯ |
| Текст примечания |
В надзаг.: М-во образования и науки Рос. Федерации, Федер. агентство по образованию, Исслед. центр проблем качества подгот. специалистов, Гос. технол. ун-т "Моск. ин-т стали и сплавов" [и др.] |
| 313 ## - ПРИМЕЧАНИЯ, ОТНОСЯЩИЕСЯ К ТЕМАТИЧЕСКОМУ ДОСТУПУ |
| Текст примечания |
В сборник вколючены статьи о различных средних образовательных учреждениях Псковской области |
| 320 ## - ПРИМЕЧАНИЯ О НАЛИЧИИ В ДОКУМЕНТЕ БИБЛИОГРАФИИ / УКАЗАТЕЛЯ |
| Текст примечания |
Библиогр. в конце ст. |
| 601 02 - НАИМЕНОВАНИЕ ОРГАНИЗАЦИИ КАК ПРЕДМЕТ |
| Начальный элемент ввода |
Изборский лицей |
| Идентифицирующий признак |
Псковская область |
| Формальный подзаголовок |
Съезды, совещания и т.п. |
| Системный номер авторитетной/нормативной записи |
2481916 |
| Идентификатор авторитетной/нормативной записи |
RU\NLR\auth\661473260 |
| 606 1# - НАИМЕНОВАНИЕ ТЕМЫ КАК ПРЕДМЕТ |
| Наименование темы |
Сельские образовательные учреждения |
| Формальный подзаголовок |
Съезды, совещания и т.п. |
| Тематический подзаголовок |
Учебно-воспитательная работа |
| Географический подзаголовок |
Псковская область |
| Системный номер авторитетной/нормативной записи |
2532734 |
| Идентификатор авторитетной/нормативной записи |
RU\NLR\auth\661500100 |
| 686 ## - ИНДЕКСЫ ДРУГИХ КЛАССИФИКАЦИЙ |
| Индекс |
Ч421.3я431 |
| 686 ## - ИНДЕКСЫ ДРУГИХ КЛАССИФИКАЦИЙ |
| Индекс |
Ч421.2я431 |
| 686 ## - ИНДЕКСЫ ДРУГИХ КЛАССИФИКАЦИЙ |
| Индекс |
Ч424(2Р)714.8я431 |
| 711 12 - НАИМЕНОВАНИЕ ОРГАНИЗАЦИИ - АЛЬТЕРНАТИВНАЯ ОТВЕТСТВЕННОСТЬ |
| Начальный элемент ввода |
"Развитие инновационного потенциала сельской школы: возможности и перспективы. Комплексные сельские образовательные системы как перспективные модели для возрождения и развития сельского социума в России", всероссийская научно-практическая конференция |
| Дата проведения временной организации |
2008 |
| Место проведения временной организации |
Псков/д. Изборск, Псковская обл. |
| Идентификатор авторитетной/нормативной записи |
RU\NLR\AUTH\8810121777 |
| Системный номер авторитетной/нормативной записи |
741663 |
| 712 02 - НАИМЕНОВАНИЕ ОРГАНИЗАЦИИ - ВТОРИЧНАЯ ОТВЕТСТВЕННОСТЬ |
| Код отношения |
Прочие |
| Начальный элемент ввода |
Изборский лицей |
| Идентифицирующий признак |
Псковская обл. |
| Системный номер авторитетной/нормативной записи |
741689 |
| Идентификатор авторитетной/нормативной записи |
RU\NLR\AUTH\8810121792 |
| 801 #0 - ИСТОЧНИК ЗАПИСИ |
| Страна |
Российская Федерация |
| Организация |
NLR |
| Дата составления |
20080804 |
| Правила каталогизации |
RCR |
| 801 #1 - ИСТОЧНИК ЗАПИСИ |
| Страна |
Российская Федерация |
| Организация |
NLR |
| Дата составления |
20080804 |
| 942 ## - ДОПОЛНИТЕЛЬНЫЕ ЭЛЕМЕНТЫ ЗАПИСИ (АБИС) |
| Тип экземпляра АБИС |
Книга |
| 980 ## - КОЛЛЕКЦИЯ |
| Название коллекции |
Национальная библиография |